The genus Eragrostis (Poaceae: Chloridoideae) in northwestern South America (Colombia, Ecuador, and Peru) : (Registro nro. 19849)

Detalles MARC
000 -CABECERA
Campo de control 01216nam a2200289 a 4500
005 - FECHA Y HORA DE LA ULTIMA TRANSACCION
Campo de control 20180803170424.0
008 - ELEMENTOS DE LONGITUD FIJA—INFORMACION GENERAL
Campo de control 130209s2012 ck a grb 00010 eng d
020 ## - ISBN
ISBN 9789587612660
040 ## - FUENTE DE CATALOGACIÓN
Agencia catalogadora original CO-BoBLA
Agencia transcriptora CO-BoBLA
Agencia Modificadora CO-BoIAVH
041 0# - IDIOMA
Código de idioma para texto/pista de sonido o título separado Inglés
044 ## - PAÍS DE PUBLICACIÓN
País de publicación Colombia
082 04 - NUMERO DE CLASIFICACION DECIMAL DEWEY
Número de clasificación 584.92
Número del ítem G44g
100 1# - ASIENTO PRINCIPAL--NOMBRE PERSONAL
Nombre personal Giraldo Cañas, Diego Alonso
9 (RLIN) 84677
245 14 - MENCION DE TITULO
Título The genus Eragrostis (Poaceae: Chloridoideae) in northwestern South America (Colombia, Ecuador, and Peru) :
Parte restante del título morphological and taxonomic studies /
Mención de responsabilidad Diego Giraldo-Cañas, Paul M. Peterson, Isodoro Sánchez Vega.
260 ## - PUBLICACION, DISTRIBUCION, ETC. (PIE DE IMPRENTA)
Lugar de publicación, distribución, etc. Bogotá (Colombia) :
Nombre del editor, distribuidor, etc. Universidad Nacional de Colombia. Facultad de Ciencias. Instituto de Ciencias Naturales,
Fecha de publicación, distribución, etc. 2012.
300 ## - DESCRIPCION FISICA
Extensión 195 páginas :
Otros detalles físicos ilustraciones ;
Dimensiones 24 x 17 cm.
490 0# - MENCION DE SERIE
Mención de serie Biblioteca José Jerónimo Triana ;
Designación numérica/secuencial del volumen 24
504 ## - NOTA DE BIBLIOGRAFIA, ETC.
Nota de bibliografía Incluye referencias bibliográficas.
650 26 - ASIENTO SECUNDARIO DE MATERIA - TERMINO TEMATICO
Término temático o nombre geográfico como elemento de entrada Eragrostis
Subdivisión geográfica Colombia
9 (RLIN) 84772
650 26 - ASIENTO SECUNDARIO DE MATERIA - TERMINO TEMATICO
Término temático o nombre geográfico como elemento de entrada Plantas herbáceas
Subdivisión geográfica Colombia
9 (RLIN) 84773
650 26 - ASIENTO SECUNDARIO DE MATERIA - TERMINO TEMATICO
Término temático o nombre geográfico como elemento de entrada Flora
Subdivisión geográfica Colombia
9 (RLIN) 84774
650 26 - ASIENTO SECUNDARIO DE MATERIA - TERMINO TEMATICO
Término temático o nombre geográfico como elemento de entrada Flora
Subdivisión geográfica Perú
9 (RLIN) 84775
650 26 - ASIENTO SECUNDARIO DE MATERIA - TERMINO TEMATICO
Término temático o nombre geográfico como elemento de entrada Gramíneas
Subdivisión geográfica Colombia
9 (RLIN) 84776
700 1# - ASIENTO SECUNDARIO - NOMBRE PERSONAL
Nombre personal Peterson, Paul M.
Término de relación autor
9 (RLIN) 97883
700 1# - ASIENTO SECUNDARIO - NOMBRE PERSONAL
Nombre personal Sánchez Vega, Isidoro
Término de relación autor
9 (RLIN) 71313
942 ## - ELEMENTOS ADICIONALES (KOHA)
Sistema de clasificación Dewey Decimal Classification
Tipo de ítem Libro
Existencias
Withdrawn status Lost status Sistema de Clasificación Damaged status No para préstamo Colección Inventariado Ubicación Permanente Ubicación actual Fecha de adquisición Fuente de Valor Valor Total Checkouts Número topográfico Inventario / Código de Barras Date last seen Ejemplar Price effective from Forma de adquisición Tipo de material
    Dewey Decimal Classification     General Inventariado 2017 Bogotá Bogotá 22/09/2017 Instituto 39000.00   LB-584.92 G44g 041681 22/09/2017 Ej. 1 22/09/2017 Donación Libro